[Event "Titled Tuesday intern op 14th Nov Early"]
[Site "Chess.com INT"]
[Date "2023.11.14"]
[Round "2"]
[White "Quirke, Jeffrey"]
[Black "Sreyas, Payyappat"]
[Result "0-1"]
[WhiteElo "1986"]
[BlackElo "2080"]
[PlyCount "70"]
[EventDate "2023.11.14"]
[EventType "swiss (blitz)"]
[EventRounds "11"]
[EventCountry "USA"]
[SourceTitle "CB47_2023"]
[SourceDate "2023.11.22"]
[SourceVersion "1"]
[SourceVersionDate "2023.11.22"]
[SourceQuality "1"]

1. e4 c6 2. d4 d5 3. exd5 cxd5 4. Nf3 Nc6 5. c3 Bg4 6. Be3 Nf6 7. Nbd2 e6 8. h3 Bh5 9. g4 Bg6 10. Nh4 Bd6 11. Nxg6 hxg6 12. Qf3 Qc7 13. 0-0-0 0-0-0 14. Kb1 e5 15. Nb3 Ne4 16. Qg2 f5 17. dxe5 Bxe5 18. gxf5 gxf5 19. h4 Bxc3 20. f3 Ng3 21. bxc3 Nxh1 22. Qxh1 Ne5 23. Nd4 Kb8 24. Qh2 Rhe8 25. Bf4 Rd6 26. Nb5 Rb6 27. Be3 Qxc3 28. Bxb6 Qxf3 29. Bxa7+ Ka8 30. Qe2 Qf4 31. Nc7+ Kxa7 32. Nxe8 Nc4 33. Nc7 Na3+ 34. Ka1 Qd4+ 35. Qb2 Qxd1+ 0-1

[Event "Titled Tuesday intern op 14th Nov Early"]
[Site "Chess.com INT"]
[Date "2023.11.14"]
[Round "1"]
[White "Sreyas, Payyappat"]
[Black "Chigaev, Maksim"]
[Result "0-1"]
[WhiteElo "2080"]
[BlackElo "2627"]
[PlyCount "62"]
[EventDate "2023.11.14"]
[EventType "swiss (blitz)"]
[EventRounds "11"]
[EventCountry "USA"]
[SourceTitle "CB47_2023"]
[SourceDate "2023.11.22"]
[SourceVersion "1"]
[SourceVersionDate "2023.11.22"]
[SourceQuality "1"]

1. e4 c5 2. Nf3 d6 3. d4 cxd4 4. Nxd4 Nf6 5. Nc3 a6 6. h4 h6 7. Be3 e5 8. Nb3 Be6 9. f3 h5 10. Be2 Nbd7 11. Qd2 Rc8 12. 0-0-0 Be7 13. g4 hxg4 14. fxg4 b5 15. h5 b4 16. Nd5 Nxe4 17. Qxb4 Ng3 18. Rhe1 Nxe2+ 19. Rxe2 Bxd5 20. Rxd5 0-0 21. Kb1 Qc7 22. g5 Qc4 23. Qd2 Qg4 24. h6 g6 25. Rg2 Qe4 26. Rd3 Kh7 27. Rf2 f5 28. gxf6 Nxf6 29. Qe2 Ng4 30. Rxf8 Rxf8 31. Nd2 Qh1+ 0-1